Electronic logic circuits / (Record no. 183853)

000 -LEADER
fixed length control field 00841 a2200205 4500
003 - CONTROL NUMBER IDENTIFIER
control field Nust
005 - DATE AND TIME OF LATEST TRANSACTION
control field 20230317113742.0
010 ## - LIBRARY OF CONGRESS CONTROL NUMBER
LC control number 85131487
020 ## - INTERNATIONAL STANDARD BOOK NUMBER
International Standard Book Number 0713134917 (pbk.)
040 ## - CATALOGING SOURCE
Transcribing agency Nust
082 00 - DEWEY DECIMAL CLASSIFICATION NUMBER
Classification number 621.395,GIB
100 1# - MAIN ENTRY--PERSONAL NAME
Personal name Gibson, J. R.
245 10 - TITLE STATEMENT
Title Electronic logic circuits /
Statement of responsibility, etc. J.R. Gibson.
250 ## - EDITION STATEMENT
Edition statement 2nd ed.
260 ## - PUBLICATION, DISTRIBUTION, ETC.
Place of publication, distribution, etc. London :
Name of publisher, distributor, etc. E. Arnold,
Date of publication, distribution, etc. 1983.
300 ## - PHYSICAL DESCRIPTION
Extent vi, 122 p. :
Other physical details ill. ;
Dimensions 25 cm.
505 ## - FORMATTED CONTENTS NOTE
Formatted contents note Two State Systems (Page-1), Basic Elements of Combinational Logic (Page-8), The Design of Combinational Logic Circuits (Page-23), Sequential Logic Elements (Page-42), Sequential Logic Systems (Page-59), The Design of Sequential Logic Circuits (Page-67), Electronic Logic Circuits (Page-88), Examples and Applications of Logic Circuits (Page-100).
650 #0 - SUBJECT ADDED ENTRY--TOPICAL TERM
Topical term or geographic name entry element Logic circuits.
9 (RLIN) 17982
942 ## - ADDED ENTRY ELEMENTS (KOHA)
Source of classification or shelving scheme
Koha item type Book
Holdings
Withdrawn status Lost status Source of classification or shelving scheme Damaged status Not for loan Permanent Location Current Location Shelving location Date acquired Full call number Barcode Date last seen Price effective from Koha item type Public note Total Checkouts
          Military College of Signals (MCS) Military College of Signals (MCS) General Stacks 12/12/2016 621.395,GIB MCS5110 12/08/2016 12/12/2016 Book Almirah No.74, Shelf No.5  
          Military College of Signals (MCS) Military College of Signals (MCS) General Stacks 08/07/2023 621.395,GIB MCS5109 08/07/2023 08/07/2023 Book    
          Military College of Signals (MCS) Military College of Signals (MCS) General Stacks 08/07/2023 621.395,GIB MCS20884 08/07/2023 08/07/2023 Book Almirah No.84, Shelf No.4  
© 2023 Central Library, National University of Sciences and Technology. All Rights Reserved.